Welcome to WEB OPAC of MRSPTU Central Library

Fuzzy logic with engineering application (Record no. 4892)

MARC details
000 -LEADER
fixed length control field 00394nam a2200157Ia 4500
008 - FIXED-LENGTH DATA ELEMENTS--GENERAL INFORMATION
fixed length control field 230711s9999||||xx |||||||||||||| ||und||
041 ## - LANGUAGE CODE
Language code of text/sound track or separate title ENG
082 ## - DEWEY DECIMAL CLASSIFICATION NUMBER
Classification number 6
Item number RO-F
100 ## - MAIN ENTRY--PERSONAL NAME
Personal name Ross,Timothy J
245 #0 - TITLE STATEMENT
Title Fuzzy logic with engineering application
250 ## - EDITION STATEMENT
Edition statement 2nd . Ed.
260 ## - PUBLICATION, DISTRIBUTION, ETC.
Date of publication, distribution, etc. 2007
Place of publication, distribution, etc. New York
Name of publisher, distributor, etc. John Wiley & Sons.Inc
300 ## - PHYSICAL DESCRIPTION
Extent 628
650 ## - SUBJECT ADDED ENTRY--TOPICAL TERM
Topical term or geographic name entry element Computer Engineering
942 ## - ADDED ENTRY ELEMENTS (KOHA)
Koha item type Book
Holdings
Withdrawn status Lost status Damaged status Not for loan Collection Home library Current library Date acquired Total checkouts Full call number Barcode Date last seen Price effective from Koha item type Date last checked out Date due
          MRSPTU Central Library MRSPTU Central Library     6 RO-F 17506 03/13/2024 08/17/2023 Book    
          MRSPTU Central Library MRSPTU Central Library   1 6 RO-F 17507 01/04/2024 08/17/2023 Book 11/20/2023  
          MRSPTU Central Library MRSPTU Central Library     6 RO-F 17508 08/17/2023 08/17/2023 Book    
          MRSPTU Central Library MRSPTU Central Library     6 RO-F 17509 03/13/2024 08/17/2023 Book    
          MRSPTU Central Library MRSPTU Central Library   1 6 RO-F 17510 03/06/2026 08/17/2023 Book 03/06/2026 03/27/2026

Website Designed and Developed by MRSPTU Central Library Team

E-mail Id: librarian@mrsptu.ac.in